00694nam a2200193 a 450000100100000000500170001000800410002704000250006808200210009310000330011424500840014725000110023126000620024230000210030470000300032504900090035595201190036499900170048300002565420200930023940.0110216s1955 xxu r 000 |aspa d aDO-SdBNPbspacBNPHU axxxbR658d, 19551 aRobinson, Jeorge L. ,95239214aLos doce profetas menores /cJeorge L. Robinson; traducción por Sara A. Hale. a2a ed. aEl Paso, Texas, :bCasa bautista de Publicaciones,c1955. a168 p. ;c20 cm.1 aHale, Sara A.,etr.94421 aBNGR 001050718MOaGRbGRcCTd2011-02-18iLF1l0oxxx R658d, 1955p25654-10r2020-06-25w2020-06-25y1ZNo se presta c25146d25146